<?xml version="1.0" encoding="UTF-8"?>
<record
    xmlns:xsi="http://www.w3.org/2001/XMLSchema-instance"
    xsi:schemaLocation="http://www.loc.gov/MARC21/slim http://www.loc.gov/standards/marcxml/schema/MARC21slim.xsd"
    xmlns="http://www.loc.gov/MARC21/slim">

  <leader>02785nam a2200397 a 4500</leader>
  <controlfield tag="001">000032436</controlfield>
  <controlfield tag="003">DO-SdBNP</controlfield>
  <controlfield tag="005">20150708132234.0</controlfield>
  <controlfield tag="007">000032436</controlfield>
  <controlfield tag="008">150130s2014    dr ac         000 0 spa d</controlfield>
  <datafield tag="020" ind1=" " ind2=" ">
    <subfield code="a">9789945118841 (v. 1)</subfield>
  </datafield>
  <datafield tag="020" ind1=" " ind2=" ">
    <subfield code="a">9789945118858 (v. 2)</subfield>
  </datafield>
  <datafield tag="020" ind1=" " ind2=" ">
    <subfield code="a">9789945118865 (v. 3)</subfield>
  </datafield>
  <datafield tag="040" ind1=" " ind2=" ">
    <subfield code="a">BPMSU</subfield>
    <subfield code="b">spa</subfield>
    <subfield code="c">BPMSU</subfield>
  </datafield>
  <datafield tag="100" ind1="1" ind2=" ">
    <subfield code="a">Molina Moloon, Andr&#xE9;s</subfield>
  </datafield>
  <datafield tag="245" ind1="1" ind2="0">
    <subfield code="a">Matem&#xE1;ticas :</subfield>
    <subfield code="b">educaci&#xF3;n primaria /</subfield>
    <subfield code="c">Andr&#xE9;s Molina Moloon ; direcci&#xF3;n editorial Claudia Llibre ; ilustraciones Ruddy N&#xFA;&#xF1;ez.</subfield>
  </datafield>
  <datafield tag="260" ind1=" " ind2=" ">
    <subfield code="a">Santo Domingo :</subfield>
    <subfield code="b">Santillana,</subfield>
    <subfield code="c">2014.</subfield>
  </datafield>
  <datafield tag="300" ind1=" " ind2=" ">
    <subfield code="a">8 v :</subfield>
    <subfield code="b">il., retrs., + CD Room ;</subfield>
    <subfield code="c">28 cm.</subfield>
  </datafield>
  <datafield tag="490" ind1="1" ind2=" ">
    <subfield code="a">Proyecto todos juntos</subfield>
  </datafield>
  <datafield tag="500" ind1=" " ind2=" ">
    <subfield code="a">La biblioteca solamente posee los libros 1, 2 y 3 y la guia del volumen 3.</subfield>
  </datafield>
  <datafield tag="500" ind1=" " ind2=" ">
    <subfield code="a">Incluye gu&#xED;a did&#xE1;ctica, recursos did&#xE1;cticos para el profesorado</subfield>
  </datafield>
  <datafield tag="500" ind1=" " ind2=" ">
    <subfield code="a">Cada n&#xFA;mero incluye CD</subfield>
  </datafield>
  <datafield tag="505" ind1="0" ind2=" ">
    <subfield code="g">v. 1 :</subfield>
    <subfield code="g">Evaluaci&#xF3;n diagn&#xF3;stica --</subfield>
    <subfield code="t">En el recreo --</subfield>
    <subfield code="t">De paseo al acuario --</subfield>
    <subfield code="t">Mi rinc&#xF3;n favorito --</subfield>
    <subfield code="t">Avioncitos en el aire --</subfield>
    <subfield code="g">Proyecto 1: mi agenda semanal --</subfield>
    <subfield code="t">En la fila --</subfield>
    <subfield code="t">En la tienda de mascotas --</subfield>
    <subfield code="t">El carnaval del colegio --</subfield>
    <subfield code="t">De fin de semana --</subfield>
    <subfield code="g">Proyecto 2: con papel y tijeras --</subfield>
    <subfield code="t">Un patrimonio de todos --</subfield>
    <subfield code="t">El cumplea&#xF1;os de Sara --</subfield>
    <subfield code="t">Los gupis de Mario --</subfield>
    <subfield code="t">El colmado de Tom&#xE1;s --</subfield>
    <subfield code="t">En la helader&#xED;a --</subfield>
    <subfield code="g">Proyecto 3: construcciones de cuerpos geom&#xE9;tricos --</subfield>
  </datafield>
  <datafield tag="505" ind1="0" ind2=" ">
    <subfield code="g">v. 2 :</subfield>
    <subfield code="g">Evaluaci&#xF3;n diagn&#xF3;stica --</subfield>
    <subfield code="t">Mi nuevo curso --</subfield>
    <subfield code="t">Cuido la naturaleza --</subfield>
    <subfield code="t">Un largo fin de semana --</subfield>
    <subfield code="g">Proyecto 1: &#xBF;qu&#xE9; hacemos a favor de una ciudad sana? --</subfield>
    <subfield code="t">En el huerto escolar --</subfield>
    <subfield code="t">Una tarde deliciosa --</subfield>
    <subfield code="t">Un d&#xED;a para jugar --</subfield>
    <subfield code="t">Pasear por la ciudad --</subfield>
    <subfield code="t">&#xA1;C&#xF3;mo estoy creciendo!</subfield>
    <subfield code="g">Proyecto 2: construcci&#xF3;n de un metro de cartulina --</subfield>
    <subfield code="t">Comienza un nuevo d&#xED;a --</subfield>
    <subfield code="t">En la kermese --</subfield>
    <subfield code="t">En la jugueter&#xED;a --</subfield>
    <subfield code="t">&#xA1;Llegan las vacaciones! --</subfield>
    <subfield code="g">Proyecto 3: &#xA1;hagamos un portal&#xE1;pices! --</subfield>
  </datafield>
  <datafield tag="505" ind1="0" ind2=" ">
    <subfield code="g">v. 3 :</subfield>
    <subfield code="g">Evaluaci&#xF3;n diagn&#xF3;stica --</subfield>
    <subfield code="t">Las unidades de millar --</subfield>
    <subfield code="t">Adici&#xF3;n y sustraci&#xF3;n --</subfield>
    <subfield code="t">Multiplicaci&#xF3;n --</subfield>
    <subfield code="t">Divisi&#xF3;n --</subfield>
    <subfield code="g">Proyecto 1: cuentos matem&#xE1;ticos --</subfield>
    <subfield code="t">Decenas de millar --</subfield>
    <subfield code="t">Fracciones --</subfield>
    <subfield code="t">Unidades de longitud --</subfield>
    <subfield code="t">&#xC1;rea --</subfield>
    <subfield code="g">Proyecto 2: construcci&#xF3;n de un geoplano --</subfield>
    <subfield code="t">&#xC1;ngulos --</subfield>
    <subfield code="t">Figuras y cuerpos geom&#xE9;tricos --</subfield>
    <subfield code="t">Medidas --</subfield>
    <subfield code="t">Recolecci&#xF3;n y an&#xE1;lisis de datos --</subfield>
    <subfield code="g">Proyecto 3: Matem&#xE1;ticas en la prensa --</subfield>
  </datafield>
  <datafield tag="700" ind1="1" ind2=" ">
    <subfield code="a">Llibre, Claudia</subfield>
    <subfield code="e">ed.</subfield>
  </datafield>
  <datafield tag="700" ind1="1" ind2=" ">
    <subfield code="a">N&#xFA;&#xF1;ez, Ruddy</subfield>
    <subfield code="e">il.</subfield>
  </datafield>
  <datafield tag="830" ind1=" " ind2="0">
    <subfield code="a">Proyecto todos juntos</subfield>
  </datafield>
  <datafield tag="930" ind1=" " ind2="1">
    <subfield code="l">BND01</subfield>
    <subfield code="m">LF1</subfield>
    <subfield code="8">20110718</subfield>
    <subfield code="f">01</subfield>
    <subfield code="p">HD</subfield>
    <subfield code="g">27780</subfield>
    <subfield code="h">v. 1</subfield>
  </datafield>
  <datafield tag="930" ind1=" " ind2="1">
    <subfield code="l">BND01</subfield>
    <subfield code="m">LF1</subfield>
    <subfield code="8">20110726</subfield>
    <subfield code="f">01</subfield>
    <subfield code="p">HD</subfield>
    <subfield code="g">27780</subfield>
    <subfield code="h">v. 2</subfield>
  </datafield>
  <datafield tag="930" ind1=" " ind2="1">
    <subfield code="l">BND01</subfield>
    <subfield code="m">LF1</subfield>
    <subfield code="8">20110726</subfield>
    <subfield code="f">04</subfield>
    <subfield code="p">HD</subfield>
    <subfield code="g">27780</subfield>
    <subfield code="h">v. 3</subfield>
  </datafield>
  <datafield tag="930" ind1=" " ind2="1">
    <subfield code="l">BND01</subfield>
    <subfield code="m">LF1</subfield>
    <subfield code="8">20110726</subfield>
    <subfield code="f">04</subfield>
    <subfield code="p">HD</subfield>
    <subfield code="g">27780</subfield>
    <subfield code="h">v. 3, gu&#xED;a</subfield>
  </datafield>
  <datafield tag="942" ind1=" " ind2=" ">
    <subfield code="2">ddc</subfield>
    <subfield code="c">BK</subfield>
  </datafield>
  <datafield tag="956" ind1=" " ind2=" ">
    <subfield code="a">YLOCKWARD</subfield>
    <subfield code="b">10</subfield>
    <subfield code="c">20150702</subfield>
    <subfield code="l">BND01</subfield>
    <subfield code="h">1429</subfield>
  </datafield>
  <datafield tag="956" ind1=" " ind2=" ">
    <subfield code="a">Vmateo</subfield>
    <subfield code="b">10</subfield>
    <subfield code="c">20150708</subfield>
    <subfield code="l">BPMSU</subfield>
    <subfield code="h">00151</subfield>
  </datafield>
  <datafield tag="999" ind1=" " ind2=" ">
    <subfield code="c">7949</subfield>
    <subfield code="d">7949</subfield>
  </datafield>
</record>
